Comedy Movies by IMDb Trivia - Statistics

General Stats
  • This quiz has been taken 86 times
  • The average score is 9 of 15
Answer Stats
Trivia Movie % Correct
Jim Carrey chipped his tooth years earlier, but had the cap removed for the film to make his character look more deranged. Dumb and Dumber
84%
Joe Pesci deliberately avoided Macaulay Culkin on-set because he wanted Culkin to think he was mean. Home Alone
84%
Jack Black thought of all the nicknames for the kids. School of Rock
84%
According to an interview with Mix Magazine Online, Ray Parker Jr. tried to create a song for the movie for 2 days. At 4:30 am, he saw a commercial for a drain company that reminded him of a scene from the film. That commercial helped him coin the popular line "Who you gonna call?" Ghostbusters
81%
Margot Robbie revealed that she found an old bucket list with one of the goals being "Meet Ryan Gosling" while working on this movie. Barbie
77%
Director Jon Favreau used a remote control to trigger the Jack in the Box toys to get the startled reactions from Will Ferrell. Elf
73%
According to Director Harold Ramis, most of the time, when he tried to explain a scene to Bill Murray, Murray would interrupt and ask, "Just tell me - good Phil or bad Phil?" Groundhog Day
67%
Chris Columbus would use two or three cameras at a time when shooting Robin Williams' scenes, uncertain of what the famously improvisational actor would come up with. Columbus viewed shooting these scenes as if he were making a documentary. Mrs. Doubtfire
64%
Jon Heder drew all of the drawings in the movie except the unicorn. Napoleon Dynamite
63%
Owen Wilson (Hansel) wore a wig for the entire movie. He was filming Behind Enemy Lines (2001) at the same time, and had to keep his hair short for the role. Zoolander
45%
Gene Hackman, knowing that he was near the end of his career, signed on to this movie under the agreed promise from Wes Anderson that it would be a fun and relaxing experience. This did not transpire and led to Hackman becoming frustrated and verbally abusing Anderson on-set over trivial matters. Such was the extent of his frustration that cast members became angered and felt that what Hackman was doing amounted to bullying, leading to Gwyneth Paltrow and Anjelica Huston avoiding Hackman on-set. Bill Murray saw this happening and decided to intervene, calling Hackman out on his verbal abuse of Anderson and choosing to come to work on his days off as a show of solidarity with Anderson. The Royal Tenenbaums
33%
Tim Meadows broke his hand before shooting and had to wear a cast, so the explanation that his character, Mr. Duvall, had carpal tunnel was added. Mean Girls
31%
According to Kel Mitchell, Abe Vigoda, who was 76 at the time of filming, was able to run and climb over fences on set despite his age. Good Burger
28%
Vincent D'Onofrio researched his role as Edgar by watching a lot of bug documentaries. In order to achieve his character's distinctive walk, he put on knee braces so he couldn't bend his legs, and taped up his ankles. Men in Black
27%
Joaquin Phoenix claims to have seen this film more times than he has seen any other movie. Step Brothers
13%
No matching quizzes found
Score Distribution
Percent of People with Each Score
Percentile by Number Answered
Your Score History
You have not taken this quiz